| 000 | 03414nam a22003857a 4500 | ||
|---|---|---|---|
| 005 | 20100925123132.0 | ||
| 010 | _aB-410739-753 | ||
| 020 |
_a9788178803982 _c700.00 |
||
| 035 | _aB-410739-753 | ||
| 037 | _bPUB | ||
| 082 | _a025.1 | ||
| 100 |
_aSunil Kumar _921563 |
||
| 245 |
_aLibrary management and planning / _cby Sunil Kumar |
||
| 260 |
_aNew Delhi _bRajat Publications _c2009 |
||
| 270 |
_a4675/21, Ansari Road, Daryaganj _bNew Delhi _e110002 |
||
| 300 |
_a230p. _c24cm(Hb) |
||
| 500 | _aIncludes bibliographical references and index | ||
| 942 |
_2ddc _cEN _mSUN _h025.1 |
||
| 999 |
_c35994 _d35994 |
||